| 000 | 00479nam a22001577a 4500 | ||
|---|---|---|---|
| 003 | SGT | ||
| 020 | _a9789351400288 | ||
| 082 |
_a530 _bPRA |
||
| 100 | _aPRAKASH,SATYA | ||
| 245 | _aENGINEERING PHYSICS | ||
| 260 |
_aMEERUT _bPRAGATI PRAKASHAN _c2013 |
||
| 300 | _a296 | ||
| 650 | _aPHYSICS | ||
| 653 | _aENGINEERING PHYSICS,INTRODUCTION TO LIGHT,DIFRACTION OF LIGHT,POLARIZATION OF LIGHT,LASERS,FIBER OPTICS,DIELECTRICS,SUPERCONDUCTIVITY,CRYSTAL STRUCTURE, | ||
| 942 |
_2ddc _cBK _02 |
||
| 999 |
_c8210 _d8210 |
||